[Event "Olympiad-40"]
[Site "Istanbul"]
[Date "2012.09.07"]
[Round "10.3"]
[White "Hansen, Eric"]
[Black "Berg, Emanuel"]
[Result "1/2-1/2"]
[WhiteElo "2472"]
[BlackElo "2576"]
[Annotator "Berg,E"]
[PlyCount "99"]
[EventDate "2012.08.28"]
[EventType "team-swiss"]
[EventRounds "11"]
[EventCountry "TUR"]
[SourceTitle "CBM 151"]
[Source "ChessBase"]
[SourceDate "2012.11.13"]
[SourceVersion "1"]
[SourceVersionDate "2012.11.13"]
[SourceQuality "1"]
[WhiteTeam "Canada"]
[BlackTeam "Sweden"]
[WhiteTeamCountry "CAN"]
[BlackTeamCountry "SWE"]

1. e4 c5 2. Nf3 e6 3. d4 cxd4 4. Nxd4 a6 {This is a variation that both my
opponent and I have played from both sides, so an interesting theoretical
discussion was awaited. As intended this came as a slight surprise for him. I
had mainly seen him playing 5.Nc3 here recently, but after a few minutes
consideration he decided to go for the other main line.} 5. Bd3 Bc5 6. Nb3 Be7
7. Qg4 g6 8. Qe2 d6 9. O-O Nd7 10. Na3 {This is the main move nowadays.
Although 10.a4 often transposes this seems a bit more flexible for White.
Since this is also the move I play as White myself, I felt a little awkward
trying to find the most promising way to continue. Actually I had prepared
exactly this line as White just a few days earlier in the tournament so at
least I had some lines fresh on my mind.} b6 (10... Ne5 {This move has the
overall best score for Black in the database and has been played by
Vachier-Lagrave, Rublevsky and Caruana among others.} {Here White should
continue with} 11. Nc4 Nxc4 12. Bxc4 {when Black is solid, but White has a
slight plus in view of his better development and space advantage.}) 11. Nc4
Bb7 12. a4 {We have now come to a critical crossroads for Black. Because he is
slightly behind in development Black has to watch out for aggressive ideas
like a5 followed by the pawn sacrifice Nb6 when the king in the centre might
become vulnerable.} Qc7 {This used to be the main choice by Black, but
recently it seems that} (12... Ngf6 {has been preferred by most players. The
reason of this is to avoid the tactics of a5 folllowed by Nb6. However now
White has} 13. Bh6 {when the black king is prevented from castling. I recently
faced this position myself, however from the white side, against Tiger Hillarp
Persson. The game went on with} Qc7 14. Rad1 (14. a5 b5 15. Nb6 Nxb6 16. axb6
Qxb6 17. Na5 {would transpose back to the game.}) 14... d5 15. exd5 Nxd5 16.
Be4 Rc8 17. Bxd5 Bxd5 18. Ne3 Bb7 19. Bg7 $1 Rg8 20. Bc3 {with a promising
position for White. Black is stuck with his king in the centre and has quite a
lot of work to do before his development is completed.} Nf6 21. f4 Qc6 22. a5
b5 23. Be5 Nd7 24. Bd4 Qe4 25. c3 f6 26. Nd2 Qc6 27. Nf3 Qe4 28. Nd2 Qc6 29.
Nf3 Qe4 30. b4 h5 31. Nd2 Qc6 32. Nf3 Qe4 33. Nd2 Qc6 34. Nf3 Qe4 35. Nd2 {
1/2-1/2 (35) Berg,E (2587)-Hillarp Persson,T (2578) Oslo 2012}) ({The move} 
12... h5 $5 {has been tried once. It's an interesting way to play with the
idea of preventing Bh6 as well as taking some space on the kingside. Of course
this also involves a certain risk as White is already well ahead in
development and this is not a developing move.} {The game continued} 13. f4 Qc7
14. a5 b5 15. Nb6 Rd8 16. c4 $1 {1-0 (33) Saravana,K (2302)-Anurag,M (2224)
Chennai 2009; with a solid advantage for White who went on to win.}) 13. a5 $1
{White doesn't want to develop his darksquared bishop until ...Ngf6 is played,
so he starts queenside operations at once.} b5 14. Nb6 Nxb6 15. axb6 Qxb6 16.
Na5 Nf6 (16... Bc8 $6 {The retreat of the bishop is just too slow. After} 17.
Be3 Qc7 18. c4 {White has a clear advantage although the results have proved
differently. White needs to play energetically to keep the advantage.} b4 19.
e5 $1 dxe5 (19... Rb8 20. Bd4 f6 {and here} 21. f4 $16 {would have been an
improvement upon} (21. exf6 Nxf6 22. c5 $14 {0-1 (33) Short/Vujatovic,N (2690)
-Kasparov/Crumiller,G (2812) London 2010})) {Now White can improve with} 20.
Qf3 (20. Be4 Rb8 21. Nc6 f5 22. Nxb8 Qxb8 23. Bc2 Nf6 $132 {gave Black
counterplay in 0-1 (35) Lindberg,B (2442)-Akesson,R (2466) Vaxjo 2008}) 20...
Rb8 21. Qc6+ $1 {Although he is some material down, White clearly bennefits
from the exchange of queens here when Black's lack of development will become
even more apparent.} Qxc6 (21... Qd7 22. Be4 Nf6 23. Rfd1 Qxc6 24. Bxc6+ $18)
22. Nxc6 Rb7 23. Nxe5 $14 {White has a strong initiative which more than
compensates for the sacrificed pawn.} (23. c5 $5)) 17. Bh6 {Funnily enough
this move had only been played once before, with me having the white pieces.
It could well had been some preparation by my opponent, which however did not
appear consistent with the time he took.} (17. Be3 {is known to give White a
slight advantage after the rather forcing line} Qc7 18. Bxb5+ axb5 19. Qxb5+
Qd7 20. Qxb7 Qxb7 21. Nxb7 Kd7 22. f3 Rhb8 23. Rxa8 Rxa8 24. Bd4 $1 {An
important move at the end of the variation that tactically saves the seemingly
trapped knight on b7. Now the threat of Nxd6 followed by e5 must be taken
seriously.} e5 25. Bc3 Ke6 26. Re1 {0-1 (40) Carlsson,P (2514)-Hillarp Persson,
T (2491) Vaxjo 2008. And according to the computers White has a slight
advantage. This might well be true, but having studied the game I find it
rather awkward for White to play the position and Black has compensation for a
fair amount of the sacrificed pawn. The final results also indicates that
things were not that easy for White to handle.}) 17... Nd7 18. Kh1 $146 {
An interesting novelty. White takes his time and prepares f4. Black is still
stuck with his king in the centre and it's not at all easy to find a way to
get it out of there.} ({Two recent games have seen the move} 18. b4 {which
however haven't created too many problems for Black after} Bf6 {followed by ...
Ne5.}) ({I have tried the move} 18. c4 {myself from the white side. This is a
sharp continuation, which however might backfire, unless White crushes through.
} b4 19. e5 Nc5 $1 {1/2-1/2 (53) Berg,E (2604)-Skovgaard,P (2288) Helsingor
2011. It's essential that the e-pawn can't be taken either way as it would
allow far too much counterplay for White. However now Black has a solid
blockade with his knight on c5. Although White has compensation and the
computer gives an advantage, this is not exactly what you are looking for.})
18... Rc8 $6 {A natural move in a way, but apparently the wrong square in view
of the strong continuation following in the game.} (18... Rd8 {would have
avoided the tactics in the game as now after} 19. c4 b4 20. Nxb7 Qxb7 21. c5
Nxc5 22. Bxa6 Nxa6 23. Rxa6 d5 {Black seems to do fine. Although it still
looks a bit risky there is no clear way forward for White. A possible
continuation would be} 24. e5 Bf8 25. Bg5 Be7 26. Bh6 $11 {repetition of moves.
}) (18... Ne5 19. c4 Nxc4 20. Bxc4 bxc4 21. Qxc4 Rc8 22. Qa4+ Bc6 23. Nxc6 Qxc6
24. Qd4 {keeps the initiative for White when the problem of the king is still
unsolved for Black.}) 19. c4 b4 20. Nxb7 ({Also interesting was} 20. Bc2 Nc5
21. Nxb7 Qxb7 22. Ba4+ Nxa4 23. Rxa4 $36 {with an initiative for White.}) 20...
Qxb7 21. c5 {This forces simplification which first seems to help Black.
However the opening of lines and diagonals makes the position of Black's king
unsafe.} Nxc5 22. Bxa6 ({After} 22. Rxa6 {Black should continue with} f6 $1 23.
f4 (23. Rfa1 $2 Kf7 24. Ra7 Ra8 $1 $17) 23... Nxa6 24. Bxa6 Rc2 $1 25. Qd3 Rd2
26. Qxd2 (26. Qc4 d5 $1) 26... Qxa6 {when Black seems to be doing fine.}) 22...
Nxa6 {White has serious compensation for the sacrificed pawn and and a single
step in the wrong direction from Black can lead to a defeat.} 23. Rxa6 Bf8 $6 {
Trying to simplify matters and enter a slightly inferior, but rather drawish
endgame.} (23... f6 $1 {looks like a better continuation when 24.Rfa1 can be
met by ...Kf7 followed by ...Ra8! White should rather try to open up the
kingside with} 24. f4 {when the game is very sharp, but Black seems fine after
the correct defence.} Rc5 $1 25. f5 Re5 $15) 24. Bf4 (24. Bxf8 Kxf8 ({Here the
computer shows the amazing resource} 24... Rc2 {which however doesn't solve
all Black's problems.} 25. Qd3 Rd2 26. Qxd2 Qxa6 27. Rd1 Kxf8 28. Qh6+ Ke7 29.
Qh4+ $36 {looks very risky for Black.}) 25. Rxd6 Kg7 {with approximate
equality, but White's position is easier to play in view of the weaknesses
around Black's king.}) 24... Be7 25. Be3 {White avoids the possible repetition
and hopes that his initiative should bring an advantage. It is important is
that short castling is sitll prevented in view of Ra7.} Bf6 (25... f6 {was a
possible option with the idea of developing the king to f7.}) 26. Rb6 Qxe4 {
This active move forces the game into an interesting endgame.} (26... Qc7 27.
Qb5+ Qd7 28. Qxb4 O-O {would lead to a pretty drawish position.}) 27. Qb5+ Kf8
28. Bh6+ Bg7 29. Rb8 Bxh6 {This was my idea when going for 26...Qxe4.} 30.
Rxc8+ Kg7 31. Rxh8 (31. Rc4 Rb8 $1) 31... Kxh8 32. Qb8+ Kg7 33. Qxd6 Bf4 {
The most solid.} ({However,} 33... Qe2 $5 {is an interesting option for Black.}
34. Rb1 (34. Rd1 $6 {would be unpleasant for White after} Bf4 35. Qd3 Qxb2 36.
Qd4+ Be5 $1 37. Qxb2 Bxb2 38. Rd7 Bc3 39. Rb7 $11 {when Black at least has a
comfortable draw .}) 34... Qxf2 35. Qxb4 Be3 {Black has serious compensation
and chances to play on for a win, but objectively speaking White is better and
the b-pawn might become a serious issue later on.}) 34. Qd1 Be5 35. Re1 Qf4 36.
g3 Qf6 37. b3 Bc3 {Black has a solid grip of the position and although White
is objectively better it's very hard to make any progress.} 38. Re2 (38. Rf1 {
followed by f3 might have been a better try.}) 38... Qf3+ 39. Kg1 e5 40. Rd2
Qe4 41. Ra2 Bd4 42. Qc2 $6 {After this move Black can secure the draw.} Qf3 {
Intending h5-h4 while White is unable to move his h-pawn in view of ...Qxg3+.}
43. Qc4 h5 $1 44. Rd2 (44. Qxb4 h4 45. gxh4 Qg4+ 46. Kf1 Qh3+ 47. Kg1 (47. Ke2
Qxh2 $36) 47... Qg4+ $11) 44... h4 45. Rxd4 exd4 46. Qxd4+ Kg8 (46... f6 {
would also be a draw after} 47. Qxb4 (47. Qd7+ Kh6 48. Qd2+ g5 (48... Kh5 49.
Qd4) 49. Qxb4 h3 50. Qf8+ Kh7 51. Qf7+ Kh6 52. Qf8+ Kh7 53. Qf7+ $11) 47...
Qd1+ ({Not} 47... h3 $2 {when} 48. Qe7+ Kh8 (48... Kh6 49. Qe3+ $18) 49. Qd8+
Kg7 50. Qd7+ {followed by Qxh3 would give White the advantage.}) 48. Kg2 h3+ $1
{forcing a perpetual.} 49. Kxh3 Qf1+ 50. Kg4 (50. Kh4 g5+ 51. Kg4 Qd1+ 52. Kf5
(52. f3 Qd7+ 53. Kh5 Qh3+) 52... Qd5+ 53. Kg4 Qd1+ $11) 50... Qe2+ 51. Kf4 (51.
f3 $4 Qe6+ 52. Kf4 g5#) 51... g5+ 52. Kf5 Qe5+ 53. Kg4 Qe2+ 54. Kh3 Qf1+ $11)
47. Qd8+ Kg7 48. Qd4+ Kg8 49. Qd8+ Kg7 50. Qd4+ {(=)} 1/2-1/2

[Event "Bundesliga 1415"]
[Site "Germany"]
[Date "2015.03.14"]
[Round "12.7"]
[White "Markgraf, Alexander"]
[Black "Berg, Emanuel"]
[Result "0-1"]
[WhiteElo "2486"]
[BlackElo "2545"]
[Annotator "Berg,E"]
[PlyCount "86"]
[EventDate "2014.10.18"]
[EventType "team-tourn"]
[EventRounds "15"]
[EventCountry "GER"]
[SourceTitle "CBM 166"]
[Source "ChessBase"]
[SourceDate "2015.05.11"]
[SourceVersion "1"]
[SourceVersionDate "2015.05.11"]
[SourceQuality "1"]
[WhiteTeam "Werder Bremen"]
[BlackTeam "Dortmund Hansa"]
[WhiteTeamCountry "GER"]
[BlackTeamCountry "GER"]

1. e4 c5 2. Nf3 e6 3. d4 cxd4 4. Nxd4 a6 {The Sicilian Kan Variation.} 5. Bd3
Nf6 ({I've played} 5... Bc5 {on multiple occasions but felt it was time for a
change.}) 6. O-O Qc7 {Prevents the advance e5 while developing the queen.} (
6... d6 {is another popular response when Black keeps the queen more flexible
but he also closes the diagonal for the bishop on f8.}) 7. Qe2 {White renews
the threat of e5 which more or less forces Black's next. However with the
queen on e2 there is little pressure on the d-file which allows Black to play
with a setup including an early ...g6.} d6 8. c4 {After this move we enter a
hedgehog position which can be reached through many different move orders.
White has a distinct space advantage but is vulnerable to counters by Black
including the thematic moves ...b5 and/or ...d5 later on. White last move also
restricts the movement of the bishop on d3.} ({The main alternative} 8. f4 {
is well worth taking notice of. Although it much less popular it's a sharp
straightforward move intending e5 and sometimes f5.} {Now Black's main reply
is the solid} Nbd7 {preventing ...e5.} ({Instead after the ambitious} 8... g6 {
play might follow} 9. f5 {when the game becomes sharp and White's chances look
quite promising.})) 8... g6 $1 {Fianchettoing the bishop to g7 is something
Black often likes to do in the Hedgehog. However achiving it this early on is
quite unusual. Here it works out well though since White does not have any
immediate punch.} 9. Nc3 Bg7 10. Rd1 {White is slowly starting to put pressure
against the potential weakness on d6.} O-O 11. Nf3 Nc6 12. h3 $1 {takes
control over the g4-square which prevents the manouvre ...Ng4-e5.} Nd7 13. Bf4
(13. Be3 {is an interesting alternative with ideas such as Rac1 followed by
Nd5 which was executed in the game 1-0 (58) Kotronias,V (2566)-Nikolaidis,I 
(2559) Vrachati 2014}) 13... Nde5 14. Rac1 Qe7 {This is not at all necessary
but was played to exploit the idea ...f5 later on.} ({A more natural move is} 
14... Bd7 {when Black has completed development and has a solid position.}) 15.
Bb1 $146 {Earlier games have seen Kh1 or Qe3.} Bd7 16. b3 {White defends c4
and is slowly getting closer to fullfilling his long term plan of getting his
queen to d2 exerting pressure towards d6.} Rad8 {Black gets ready to defend d6
when necessary and is also preparing for a timely ...f5-advance.} 17. Nh2 $1 {
This rules out Black's option to capture on f3 and prepares for Qd2.} f5 $1 {
A very logical reply once White has left the centre with his knight.} 18. exf5
$6 {This was slightly inaccurate and makes life easier for Black.} ({Instead
White should have gone for} 18. Qd2 $1 Nf7 {and now} 19. Be3 {pointing at the
weak dark square on b6. White seems to be a bit better but it'a a complex
position offering chances for both players in a practical game.}) 18... gxf5
19. Nf3 $2 {This is simply an error as we soon will find out. Quite often in
chess on mistake is followed by another.} (19. Be3 $1 {was a better option
intending} f4 $2 {Other moves are better but than White can play f4 himself
with a better version of the game continuation.} 20. Qh5 $1 h6 21. Bb6 $16 {
when White is clearly better.}) 19... Be8 $1 {A strong bishop manouvre with
the annoyig threat ...Bh5.} 20. Nh2 {This loss of two tempi can hardly
bennefit White. Now Black has an active position and is about to seize the
initiative.} Kh8 $1 {Intending to use the half-open g-file for the purpose of
attacking White's king.} 21. Kh1 {White plays in similar fashion and prevents
the threat before it has arisen.} Rg8 22. Be3 {White takes the opportunity to
leave the f4-sqaure with his bishop now that ...f4 is no longer available.
White is now also getting ready to play f4 himself when needed.} Qh4 $5 {
An interesting practical move preparing moves like ...Bh5 and ...f4. Having
the queen close to White's king also makes the defence trickier.} (22... Ng6 {
heading with the knight to h4 was another option.}) 23. Qd2 Bf6 24. f4 Ng6 25.
Ne2 Qh5 $6 {An active move preparing for ...Nh4.} ({However it would be
stronger to start with} 25... Rd7 $1 {getting ready for a future ...Rdg7.}) 26.
Rg1 (26. Bb6 $1 {was a better option intending} Rd7 ({The tempting} 26... Nh4
$2 {works in White's favour following} 27. g4 $1 {when the unfortunate
placement of the queen on h5 becomes clear. Still after} Qf7 {there is much to
play for and taking practical aspects into account (White's weak king) Black's
position is probably easier to play altough objectively White should be better.
}) 27. Qe3 $14) 26... Nh4 27. g4 $6 {Not a good move as it opens up the
diagonal directly towards White's own king. However it also invites
temptations which during the game were too hard for me to resist from 
(especially in heavy time trouble)} ({White could throw in} 27. Bb6 {when after
} Rd7 {Black's bishop is further away from reaching c6.}) 27... fxg4 $6 (27...
Qf7 $15 {looks best when Black stands better due to a safer king and better
coordinated pieces.}) (27... Ne5 $5 {has the same idea as in the game. However
after} 28. Be4 $1 {White defends the diagonal and is slightly on top, e.g.} (
28. Nd4 $2 {favours Black after} fxg4 29. fxe5 dxe5 {with a winning advantage,
e.g.} 30. Qf2 (30. hxg4 exd4 $1 $19) 30... Rf8 31. hxg4 exd4 $1 32. gxh5 Bc6+
$19) 28... Qf7 (28... fxg4 $4 29. fxe5 $18) 29. gxf5 Bc6 30. Bxc6 Nxc6 31. Bb6
Rde8 32. Qxd6 Nxf5 33. Qd2 (33. Qd3 Nb4) 33... Qh5 34. Qd3 Nb4 35. Qf3 Qxf3+
36. Nxf3 Nxa2 37. Rcd1 $14) 28. hxg4 ({The intermediate move} 28. Ng3 $5 {
was an interesting alternative when Black should head for} Qh6 {with
continuous sharp complications.}) 28... Ne5 $1 {When Black has already gone
this far the queen sacrifice is actually the best way forward.} 29. gxh5 $6 {
A practical choice in heavy time trouble leading to liquidation of material.} (
{However White had the chance to grab the initiative with} 29. Ng3 $1 {after
which he would receive the better prospects. After} Bc6+ 30. Be4 {there might
follow} Rxg4 $1 31. Bxc6 Rxg3 32. fxe5 (32. Rxg3 Nxc6 {offers Black decent
compensation.}) 32... Nf5 (32... Rh3 33. Qf2 $1 $16) 33. Bb6 Bg5 34. Bf3 $1 Qh6
35. Qf2 Bxc1 36. Bxd8 Bf4 37. Bf6+ Kg8 38. Rxg3+ Nxg3+ 39. Kg2 dxe5 40. Bd8 $14
{when White is to be preferred although things remain rather messy.}) 29...
Bc6+ 30. Qd5 exd5 31. Nd4 dxc4+ 32. Nxc6 Nxc6 33. bxc4 Bd4 $1 {A both good and
practical choice. Exchanging off the dark squared bishops gives Black an
easier game and the king becomes safer on h8.} 34. Bxd4+ $2 {This certainly
helps Black who achieves his goal while winning tempi.} ({A better try was} 34.
Rxg8+ Rxg8 35. Re1 $11 {when White becomes more active and the chances are
fairly balanced.}) 34... Nxd4 35. Rxg8+ Rxg8 36. Re1 $2 {Although White was
already in trouble this makes things even worse.} (36. Rg1 {aiming for an
exchange of rooks was advisable.} Ne2 37. Rxg8+ Kxg8 $15 {Black is about to
win a pawn and certainly stands better. However the bishop is stronger on two
sides which compensates a bit.}) 36... Rg2 37. Re8+ $4 {Chosing an active way
to play is typical for time trouble. However now it's all over.} ({The last
opportunity to keep some chances alive was} 37. Rg1 $1 {when Black still needs
to prove good technique.}) (37. Re4 $4 Ne2) 37... Kg7 38. Re4 Ne2 39. Nf1 Rg1+
(39... Rf2 $1 $19) 40. Kh2 Rxf1 41. Re7+ Kf6 42. Rxb7 {Now obviously Black has
hundreds of ways to win. However after some thought I managed to sort out the
quietest path leading to a mating net.} (42. Rxe2 Rxb1) 42... Rf2+ $1 43. Kh3
Nf3 {White resigned in view of} (43... Nf3 44. Rxh7 (44. Kg4 Nfg1 $19 {[%csl
Rg4][%cal Gf2f4]}) 44... Nfg1+ 45. Kg4 Rxf4#) 0-1